| 000 | 00660nam a2200157 a 4500 | ||
|---|---|---|---|
| 008 | 161031s2015 ||||||||||||||||| || u | ||
| 020 | _a9781138785199 | ||
| 050 | _aGE 140 Mit | ||
| 100 | _aBayu, Wondimu | ||
| 245 | 1 | 0 |
_aMitigating land degradation and improving livelihoods: an integrated watershed approach _cedited by Feras Ziadat and Wondimu Bayu |
| 260 |
_aNew York _bRoultedge _c2015 |
||
| 300 | _axiv, 262p.:ill. | ||
| 650 | _aLAND DEGRADATION--ENVIRONMENTAL ASPECTS | ||
| 700 | _aZiadat, Feras | ||
| 995 |
_FCBU-MAIN LIBRARY (Kitwe) _M1 _UAVAILABLE _WJan 23, 2017 _ZMain Library Open Access Collection |
||
| 999 |
_c51336 _d51336 |
||